书目信息 |
| 题名: |
实用语文学生练习册
|
|
| 作者: | 欧阳代娜 主编 | |
| 分册: | 第三册 | |
| 出版信息: | 北京 外语教学与研究出版社 2011.04 |
|
| 页数: | 97页 | |
| 开本: | 28cm | |
| 丛书名: | ||
| 单 册: | ||
| 中图分类: | H1-44 | |
| 科图分类: | ||
| 主题词: | 汉语 | |
| 电子资源: | ||
| ISBN: | 978-7-5135-0746-2 | |
| 000 | 00610nam0 2200193 450 | |
| 001 | 1150487739 | |
| 005 | 20111221140325.53 | |
| 010 | @a978-7-5135-0746-2@dCNY11.80 | |
| 100 | @a20111221d2011 km y0chiy0120 ea | |
| 101 | 0 | @achi |
| 102 | @aCN@b110000 | |
| 200 | 1 | @a实用语文学生练习册@Ashi yong yu wen xue sheng lian xi ce@h第三册@f欧阳代娜主编@Fou yang dai na zhu bian |
| 210 | @a北京@c外语教学与研究出版社@d2011.04 | |
| 215 | @a97页@d28cm | |
| 606 | 0 | @a汉语 |
| 690 | @aH1-44@v4 | |
| 701 | 0 | @a欧阳代娜@Aou yang dai na@4主编 |
| 801 | 0 | @aCN@b大连网信软件有限公司图书馆·11@c20111221 |
| 905 | @aZUCC@dH1-44@eO414 | |
| 实用语文学生练习册.第三册/欧阳代娜主编.-北京:外语教学与研究出版社,2011.04 |
| 97页;28cm |
| ISBN 978-7-5135-0746-2:CNY11.80 |
| ● |
| 相关链接 |
|
|
|
正题名:实用语文学生练习册
索取号:H1-44/O414
 
预约/预借
| 序号 | 登录号 | 条形码 | 馆藏地/架位号 | 状态 | 备注 |
| 1 | 843026 | 208430269 | 语言库209/209语言库 70排1列4层/ [索取号:H1-44/O414] | 在馆 | |
| 2 | 843027 | 208430278 | 语言库209/209语言库 70排1列4层/ [索取号:H1-44/O414] | 在馆 | |
| 3 | 843028 | 208430287 | 语言库209/209语言库 70排1列4层/ [索取号:H1-44/O414] | 在馆 |